Process utility systems: introduction to design, operation and maintenance
Sábháilte in:
| Príomhchruthaitheoir: | |
|---|---|
| Formáid: | LEABHAR |
| Teanga: | Béarla |
| Foilsithe / Cruthaithe: |
Londres
Institution of Chemical Engineers
1994
|
| Ábhair: | |
| Clibeanna: |
Cuir clib leis
Níl clibeanna ann, Bí ar an gcéad duine le clib a chur leis an taifead seo!
|
MARC
| LEADER | 00000nam a2200000 a 4500 | ||
|---|---|---|---|
| 001 | UCU2880 | ||
| 003 | CL-VaPUC | ||
| 008 | 960429e19940000UK |||||||||||||||||eng|d | ||
| 082 | 0 | 4 | |a 662.2 |b BRO |2 21 |
| 100 | 0 | |a Broughton, Jack |e author |9 359451 | |
| 245 | 1 | 0 | |a Process utility systems: introduction to design, operation and maintenance |
| 300 | |a 282 p | ||
| 942 | |c BK | ||
| 945 | |d 19960429 00:00:00 |a mcarcey | ||
| 260 | |a Londres |b Institution of Chemical Engineers |c 1994 | ||
| 650 | 7 | |a INGENIERIA QUIMICA |2 CL-VaPUC |9 8 | |
| 650 | 0 | |a Refrigeración |9 259343 | |
| 650 | 0 | |a Agua |9 257149 | |
| 650 | 0 | |a Electricidad |9 260222 | |
| 650 | 7 | |a GASOLINA |2 CL-VaPUC |9 358261 | |
| 650 | 0 | |a Aire comprimido |9 271758 | |
| 650 | 0 | |a Gases |9 260945 | |
| 583 | |a last modification |c 19960429 00:00:00 |k Rodrigo Vera | ||
| 999 | |c 247063 |d 247061 | ||
| 952 | |0 0 |1 0 |4 0 |6 662_200000000000000_BRO_1994 |7 0 |8 A |9 262607 |a BIBING |b BIBING |d 2019-11-19 |i 3193047 |o 662.2 BRO 1994 |p 3193047 |r 2025-01-20 |w 2019-11-19 |y BK |k EIQ | ||